| 000 | 00827nam a2200229 a 4500 | ||
|---|---|---|---|
| 003 | SISC | ||
| 005 | 20170119152852.0 | ||
| 008 | 120906s19uu xx 00 eng d | ||
| 020 | _a9780230019744 | ||
| 050 |
_aHD 31 _b.St874 2011 |
||
| 100 | _aStokes, Peter. | ||
| 245 |
_aCritical concepts in management and organization studies / _cPeter Stokes. |
||
| 260 |
_aBasingstoke, UK : _bPalgrave Macmillan, _c2011. |
||
| 300 |
_axv, 189 pages ; _c22 cm. |
||
| 500 | _aIncludes bibliographical references and index. | ||
| 520 | _a A guide to the major themes, terms and concepts used across critical management studies, the text defines and contextualizes critical management terminology. | ||
| 650 | _aManagement. | ||
| 650 | _aCritical theory. | ||
| 700 | _aDunne, Stephen. | ||
| 942 |
_cBK _2lcc _kFOR |
||
| 999 |
_c25436 _d25436 |
||